Les Chaînes de la TNT : 1 à 25 - Statistiques

Statistiques générales
  • Ce quiz a été pris 632 fois
    30 depuis la dernière actualisation
  • Le résultat moyen est 17 sur 25
Statistiques - réponses
Numéros Chaînes % Correct
2 France 2
97%
3 France 3
97%
1 TF1
97%
4 France 4
93%
5 France 5
86%
10 TMC
83%
6 M6
79%
7 Arte
76%
9 W9
76%
12 Gulli
69%
13 BFM TV
62%
14 CNEWS
62%
17 CSTAR
62%
15 LCI
62%
21 L'Équipe
62%
11 TFX
62%
16 Franceinfo
59%
8 LCP
59%
22 6ter
55%
24 RMC Découverte
48%
18 T18
48%
25 Chérie 25
45%
19 NOVO19
45%
23 RMC Story
45%
20 TF1 Séries Films
45%
Aucun quiz correspondant
Distribution des résultats
% des personnes avec chaque résultat
Percentile par nombre de réponses
Votre historique - résultats
Vous n’avez pas pris ce quiz depuis la dernière actualisation